Pontificale Romanum (Registro nro. 318953)

Detalles MARC
000 -ENCABEZADO
Número de control [NR] 02721nam a2200361Ia 4500
005 - FECHA Y HORA DE LA ÚLTIMA TRANSACCIÓN
control field 20210603153946.0
008 - DE LONGITUD FIJA DE DATOS DE ELEMENTOS - INFORMACIÓN GENERAL
Elementos de longitud fija [NR] 130821k18741876gw fr 1 lat
040 ## - FUENTE DE CATALOGACION [NR]
Agencia de catalogación original [NR] Co-BoUCM
Idioma de catalogación [NR] spa
Quien Cataloga Sandra Yazo
Quien Clasifica Sandra Yazo
041 0# - CODIGO DE IDIOMA [R]
Código de idioma para texto/pista de sonido o título separado [R] Latín
082 04 - NUMERO DE CLASIFICACION DECIMAL DEWEY [R]
Número de clasificación [R] 264.02036
Número de la edición [NR] 20
092 ## - SIGNATURA TOPOGRAFICA LOCAL
Número de clasificación local E51N052
110 2# - ASIENTO PRINCIPAL--NOMBRE CORPORATIVO [NR]
ID de autoridad 3579
Nombre corporativo o de jurisdicción como elemento de entrada [NR] Iglesia Católica
242 00 - TRADUCCION DEL TITULO POR LA AGENCIA CATALOGADORA [R]
Título [NR] Pontifical Romano
Parte restante del título [NR] Fascículo I [II- III]
Mención de responsabilidad, etc. [NR] Editado por mandato de Clemente VIII y de Urbano VIII ; Aprobado por Benedicto XIV.
245 10 - MENCION DE TITULO [NR]
Título [NR] Pontificale Romanum
Parte restante del título [NR] Fasciculis I [II- III]
Mención de responsabilidad, etc. [NR] Clementis VIII ac Urbani VIII jussu editum et a Benedicto XIV recognitum.
250 ## - MENCION DE EDICION [NR]
Mención de edición [NR] Edditio Nova [última edición]
Resto de la mención de edición [NR] Concinnata opera et studio Wolgangi Mühlbauer [Elaborada por la cuidadosa tarea de Wolfganf Mühlbauer]
260 ## - PUBLICACION, DISTRIBUCION, ETC. (PIE DE IMPRENTA) [R]
Lugar de publicación, distribución, etc. [R] Augustae Vindelicorum [Augsburgo] (Alemania)
Nombre del editor, distribuidor, etc. [R] Sumptibus Librariae Kranzfelderianae ; Typis Instituti Liter. Dr. M. Huttler [A expensas de La Librería de Kranzfelder ; Establecimiento tipográfico del Dr. M. Huttler]
Fecha de publicación, distribución, etc. [R] 1874
300 ## - DESCRIPCION FISICA [R]
Extensión [R] 3 fascículos (v, v, vi, 207 ; 240 ; 241 - 460 páginas)
Dimensiones [R] 19 x 13 cm.
500 ## - NOTA GENERAL [R]
Nota general [NR] Detalles físicos: Encuadernación rústica: lomo y tapas de cartulina. Tapa delantera con datos de publicación enmarcados en un doble recuadro. Licencias Pontificias. Texto impreso en una sola columna, con diferentes tipos y tamaños de letra. Mayúsculas capitales. Algunas imágenes dentro del texto. Índice. Hojas sin refilar, tapas sucias y deterioradas en los bordes y en el lomo. Residuos de cintas pegantes antiguas en lomo y tapas. Fascículo I: páginas iniciales y 105, 195 a 206, desprendidas. Fascículo I: páginas 5 a 8, rasgadas en borde vertical
505 0# - NOTA DE CONTENIDO CON FORMATO PREESTABLECIDO [R]
Nota de contenido con formato preestablecido [NR] V.1: Parte Primera: Título IX - XII: Las sagradas órdenes, en general ; Ordenación de subdiáconos ; Ordenación de diáconos ; Ordenación de presbíteros -- V.2 y V.3: Parte Segunda: Título II: Ritual para la dedicación y consagración de iglesias ; Normas litúrgicas y prescripciones canónicas acerca de la dedicación de las Iglesias.
506 ## - NOTA DE RESTRICCIONES DE ACCESO [R]
Condiciones de acceso [NR] Consulta en sala
546 ## - NOTA DE IDIOMA [R]
Nota de idioma [NR] Texto en latín
610 ## - ASIENTO SECUNDARIO DE MATERIA - NOMBRE CORPORATIVO [R]
Nombre corporativo o nombre de la jurisdicción como elemento de entrada [NR] Iglesia Católica
Subdivisión general [R] Ritos y ceremonias
-- Obras anteriores a 1800
9 (RLIN) 7705
650 #7 - ASIENTO SECUNDARIO DE MATERIA - TERMINO TEMATICO [R]
Término temático o nombre geográfico como elemento de entrada [NR] Eucaristía
Subdivisión general [R] Obras anteriores a 1800
9 (RLIN) 15295
650 ## - ASIENTO SECUNDARIO DE MATERIA - TERMINO TEMATICO [R]
Término temático o nombre geográfico como elemento de entrada [NR] Liturgia
Subdivisión general [R] Obras anteriores a 1800
9 (RLIN) 18768
650 ## - ASIENTO SECUNDARIO DE MATERIA - TERMINO TEMATICO [R]
Término temático o nombre geográfico como elemento de entrada [NR] Misa
Subdivisión general [R] Obras anteriores a 1800
9 (RLIN) 19595
650 ## - ASIENTO SECUNDARIO DE MATERIA - TERMINO TEMATICO [R]
Término temático o nombre geográfico como elemento de entrada [NR] Misales
Subdivisión general [R] Obras anteriores a 1800
9 (RLIN) 19598
690 ## - ASUNTO AGREGADO LOCAL DE ENTRADA - TÉRMINO TEMÁTICO (OCLC, RLIN)
Acceso temático local Iglesias
9 (RLIN) 17149
700 1# - ASIENTO SECUNDARIO - NOMBRE PERSONAL [R]
Nombre personal [NR] Mühlbauer, Wolfgang
Fechas asociadas con el nombre [NR] 1826-1892
Término de relación [R] editor
9 (RLIN) 103781
700 1# - ASIENTO SECUNDARIO - NOMBRE PERSONAL [R]
Nombre personal [NR] Clemente
Numeración [NR] VIII
Títulos u otras palabras asociadas con el nombre [R] Papa
Fechas asociadas con el nombre [NR] 1536-1605‏
9 (RLIN) 103782
700 1# - ASIENTO SECUNDARIO - NOMBRE PERSONAL [R]
Nombre personal [NR] Urbano‏
Numeración [NR] VIII
Títulos u otras palabras asociadas con el nombre [R] Papa
Fechas asociadas con el nombre [NR] 1568-1644‏
9 (RLIN) 103783
700 1# - ASIENTO SECUNDARIO - NOMBRE PERSONAL [R]
Nombre personal [NR] Catalani, Giuseppe
Fechas asociadas con el nombre [NR] 1698-1764‏
9 (RLIN) 103784
942 ## - ELEMENTOS DE ENTRADA AGREGADOS (KOHA)
Tipo de ítem principal el descrito en 300a Libro
Tema principal 4
Edición 1
Sistema de clasificación LOCAL
Clasificación E51N052
Existencias
Suprimido Perdido Sistema de clasificación Dañado No prestable Tipo de ítem específico Ubicación habitual Ubicación actual Localización Fecha de creación Forma de adquisición Costo Volúmen / Fascículo Signatura topográfica Código de barras Última vez visto Ejemplar Price effective from Tipo de ítem Total préstamos
    LOCAL     Libro archivo Archivo Histórico Archivo Histórico Archivo histórico 03/06/2021 Donación 0.00 V.1 E51N052 L010630 03/06/2021 Ej.1 03/06/2021 Libro  
    LOCAL     Libro archivo Archivo Histórico Archivo Histórico Archivo histórico 03/06/2021 Donación 0.00 V.2 E51N052 L010631 03/06/2021 Ej.1 03/06/2021 Libro  
    LOCAL     Libro archivo Archivo Histórico Archivo Histórico Archivo histórico 03/06/2021 Donación 0.00 V.3 E51N052 L010632 03/06/2021 Ej.1 03/06/2021 Libro